Engineering method for thermal calculation of the vortex combustion in dead-end fire-tubes; MATEC Web of Conferences; Vol. 19 : The 2nd International Youth Forum "Smart Grids", Tomsk, Russia, October 6-10, 2014

Sonraí bibleagrafaíochta
Parent link:MATEC Web of Conferences
Vol. 19 : The 2nd International Youth Forum "Smart Grids", Tomsk, Russia, October 6-10, 2014.— 2014.— [01020, 5 p.]
Údar corparáideach: Национальный исследовательский Томский политехнический университет (ТПУ) Энергетический институт (ЭНИН) Кафедра парогенераторостроения и парогенераторных установок (ПГС и ПГУ)
Rannpháirtithe: Khaustov S. A. Sergey Aleksandrovich, Zavorin A. S. Aleksandr Sergeevich, Buvakov K. V. Konstantin Vladimirovich, Zakharushkin N. A.
Achoimre:Title screen
In article the method for predicting the vortex formation in the dead-end furnace is described. Mass and heat balances of environment in the vortex are calculated using the computer simulation with ANSYS Fluent software. Engineering approach for quantitative analysis of singularities in the reversible flame is proposed. Assessment of vortices integral characteristics, including effects on the aerodynamics and heat transfer processes in dead-end furnace, is given.
Teanga:Béarla
Foilsithe / Cruthaithe: 2014
Ábhair:
Rochtain ar líne:http://dx.doi.org/10.1051/matecconf/20141901020
Formáid: Leictreonach Caibidil leabhair
KOHA link:https://koha.lib.tpu.ru/cgi-bin/koha/opac-detail.pl?biblionumber=640138

MARC

LEADER 00000nla2a2200000 4500
001 640138
005 20240125133912.0
035 |a (RuTPU)RU\TPU\network\4668 
035 |a RU\TPU\network\4667 
090 |a 640138 
100 |a 20150410a2014 k y0engy50 ba 
101 0 |a eng 
102 |a FR 
105 |a y z 100zy 
135 |a drcn ---uucaa 
181 0 |a i  
182 0 |a b 
200 1 |a Engineering method for thermal calculation of the vortex combustion in dead-end fire-tubes  |f S. A. Khaustov [et al.] 
203 |a Text  |c electronic 
300 |a Title screen 
320 |a [References: 7 tit.] 
330 |a In article the method for predicting the vortex formation in the dead-end furnace is described. Mass and heat balances of environment in the vortex are calculated using the computer simulation with ANSYS Fluent software. Engineering approach for quantitative analysis of singularities in the reversible flame is proposed. Assessment of vortices integral characteristics, including effects on the aerodynamics and heat transfer processes in dead-end furnace, is given. 
461 0 |0 (RuTPU)RU\TPU\network\4526  |t MATEC Web of Conferences  
463 0 |0 (RuTPU)RU\TPU\network\4524  |t Vol. 19 : The 2nd International Youth Forum "Smart Grids", Tomsk, Russia, October 6-10, 2014  |o [proceedings]  |f National Research Tomsk Polytechnic University (TPU)  |v [01020, 5 p.]  |d 2014 
610 1 |a электронный ресурс 
610 1 |a труды учёных ТПУ 
610 1 |a инженерные методы 
610 1 |a тепловые расчеты 
610 1 |a вихревое сжигание 
610 1 |a трубы 
610 1 |a вихри 
610 1 |a печи 
610 1 |a компьютерное моделирование 
610 1 |a программное обеспечение 
610 1 |a ANSYS Fluent 
610 1 |a аэродинамика 
610 1 |a теплообмен 
701 1 |a Khaustov  |b S. A.  |c specialist in the field of power engineering  |c Assistant of the Department of Tomsk Polytechnic University, Engineer  |f 1988-  |g Sergey Aleksandrovich  |3 (RuTPU)RU\TPU\pers\32934 
701 1 |a Zavorin  |b A. S.  |c specialist in the field of Steam Generator Systems and Engineering  |c Doctor of Technical Sciences, Professor of Tomsk Polytechnic University (TPU)  |f 1946-  |g Aleksandr Sergeevich  |3 (RuTPU)RU\TPU\pers\32484 
701 1 |a Buvakov  |b K. V.  |c specialist in the field of thermal engineering  |c Associate Professor of Tomsk Polytechnic University, Candidate of technical sciences  |f 1977-  |g Konstantin Vladimirovich  |3 (RuTPU)RU\TPU\pers\34181  |9 17715 
701 1 |a Zakharushkin  |b N. A. 
712 0 2 |a Национальный исследовательский Томский политехнический университет (ТПУ)  |b Энергетический институт (ЭНИН)  |b Кафедра парогенераторостроения и парогенераторных установок (ПГС и ПГУ)  |3 (RuTPU)RU\TPU\col\18681 
801 2 |a RU  |b 63413507  |c 20161226  |g RCR 
856 4 |u http://dx.doi.org/10.1051/matecconf/20141901020 
942 |c CF